000 00517nam a2200217Ia 4500
003 OSt
005 20220928143026.0
006 a|||||r|||| 00| 0
007 ta
008 220927b |||||||| |||| 00| 0 eng d
024 _a20391
037 _cTextual
040 _aSDCL
_cSDCL
_beng
041 _2eng
_aeng
082 _aE:26, L8
100 _aPohl Herbert A
_9504099
245 0 _aDielectrophresis.
260 _c1978
942 _hE:26, L8
_cTEXL
_2CC
999 _c822516
_d822516